000 00576cam a2200181 i 4500
008 190411s2020 moua b 001 0 eng
020 _a9780323551311 (softcover)
050 0 0 _aRT86.7
_b.C66 2020
100 _aLissayer Tom
245 1 0 _aConceptual foundations :
_bthe bridge to professional nursing practice /
_c[edited by] Elizabeth E. Friberg.
250 _aSeventh edition.
260 _aMissouri
_bElsevier
_c2020
300 _axvi, 377 pages :
_billustrations ;
650 0 _aNursing
_xPractice.
650 0 _aNursing.
700 1 _aFriberg, Elizabeth E.,
942 _cBK
999 _c2633
_d2633